| 000 | 00692nam a22002057a 4500 | ||
|---|---|---|---|
| 008 | 250829b |||||||| |||| 00| 0 eng d | ||
| 020 | _a9780194375009 | ||
| 040 |
_aCUZ _beng _crda _dCUZ _erda |
||
| 050 | _aPE2751.SEI | ||
| 100 | _aBarbara Seidlhofer | ||
| 245 |
_aUnderstanding english as a lingua franca _cby Barbara Seidlhofer |
||
| 264 |
_aNew York _bOxford University press _c©2011 |
||
| 300 | _aextent xvii,243pages | ||
| 336 |
_atext _btxt |
||
| 337 |
_aunmediated _bn |
||
| 338 | _2rdacarrier | ||
| 500 | _aincludes bibliography and index | ||
| 650 |
_a Language and Literature _aEnglish language _a Dialects. |
||
| 942 |
_cOS _i2751.SEI _kPE |
||
| 999 |
_c45353 _d45353 |
||